Bilecik Bilecik Bilecik Bilecik Bilecik

Kağıda İşlenen Uygarlık Kağıdın Tarihi ve İslam Dünyasına Etkisi / (Record no. 25134)

MARC details
000 -BAŞLIK
Sabit Uzunluktaki Kontrol Alanı 01405nam a22004097a 4500
001 - KONTROL NUMARASI
Control Dosyası 0025184
003 - KONTROL NUMARASI KİMLİĞİ
Kontrol Alanı KOHA_MİRAKIL
005 - EN SON İŞLEM TARİHİ ve ZAMANI
Kontrol Alanı 20260207002458.0
007 - FİZİKSEL TANIM SABİT ALAN - GENEL BİLGİ
Sabit uzunluklu kontrol alanı ta
008 - SABİT UZUNLUKTAKİ VERİ ÖGELERİ - GENEL BİLGİ
Sabit Alan 101112b2003 tu |||gr||||#||||0|tur |
020 ## - ISBN - ULUSLARARASI STANDART KİTAP NUMARASI
Isbn 9758704281
Kullanılabilirlik koşulları 15,64
040 ## - KATALOGLAMA KAYNAĞI
Özgün Kataloglama Kurumu TR-BiSEU
Kataloglama Dili tur
Çeviri Kurumu TR-BiSEU
Açıklama Kuralları rda
041 0# - DİL KODU
Metin ya da ses kaydının dil kodu tur
044 ## - YAYINLAYAN/ÜRETEN KURULUŞUN ÜLKE KODU
ISO country code tu
050 ## - SINIFLAMA ve YER NUMARASI
Sınıflama Numarası TS1091
Yer Numarası .B56 2003
100 1# - KİŞİ ADI
Yazar Adı (Kişi adı) Bloom, Jonathan M..
245 1# - ESER ADI BİLDİRİMİ
Başlık Kağıda İşlenen Uygarlık Kağıdın Tarihi ve İslam Dünyasına Etkisi /
Sorumluluk Bildirimi Jonathan M. Bloom ; Jonathan M. Bloom; çeviren Zülal Kılıç.
264 #1 - ÜRERİM, YAYIN, DAĞITIM ve TELİF BİLDİRİMİ
Yayın yeri İstanbul :
Yayınlayan Kitap yayınevi
Yayın tarihi 2003
300 ## - FİZİKSEL TANIMLAMA
Sayfa, Cilt vb. 336 sayfa
336 ## - İÇERİK TÜRÜ
Content type term metin
Content type code txt
Source rdacontent
337 ## - MEDYA TÜRÜ
Media type term aracısız
Media type code n
Source rdamedia
338 ## - TAŞIYICI TÜRÜ
Carrier type term cilt
Carrier type code nc
Source rdacarrier
490 1# - DİZİ BİLDİRİMİ
Dizi Bildirimi Tarih ve Coğrafya Dizisi;17
650 #0 - KONU BAŞLIĞI EK GİRİŞ - KONU TERİMİ
Konusal terim veya coğrafi ad İslam Kültür ve Medeniyeti.
9 (RLIN) 50986
650 #0 - KONU BAŞLIĞI EK GİRİŞ - KONU TERİMİ
Konusal terim veya coğrafi ad Paper--Social aspects.
9 (RLIN) 50987
650 #0 - KONU BAŞLIĞI EK GİRİŞ - KONU TERİMİ
Konusal terim veya coğrafi ad KAĞIT--TARİH--ORTADOĞU.
9 (RLIN) 50988
650 #0 - KONU BAŞLIĞI EK GİRİŞ - KONU TERİMİ
Konusal terim veya coğrafi ad Paper--History.
9 (RLIN) 50989
650 #0 - KONU BAŞLIĞI EK GİRİŞ - KONU TERİMİ
Konusal terim veya coğrafi ad KAĞIT--TARİH.
9 (RLIN) 50990
650 #0 - KONU BAŞLIĞI EK GİRİŞ - KONU TERİMİ
Konusal terim veya coğrafi ad Kağıt--Tarih.
9 (RLIN) 50991
650 #0 - KONU BAŞLIĞI EK GİRİŞ - KONU TERİMİ
Konusal terim veya coğrafi ad Paper--Middle East--History.
9 (RLIN) 50992
650 #0 - KONU BAŞLIĞI EK GİRİŞ - KONU TERİMİ
Konusal terim veya coğrafi ad Kagidin tarihi--Islam dunyasi.
9 (RLIN) 50993
650 #0 - KONU BAŞLIĞI EK GİRİŞ - KONU TERİMİ
Konusal terim veya coğrafi ad KAĞIT--TARİH--İSLAM ÜLKELERİ.
9 (RLIN) 50994
650 #0 - KONU BAŞLIĞI EK GİRİŞ - KONU TERİMİ
Konusal terim veya coğrafi ad Kağıt--Ortadoğu--Tarihi.
9 (RLIN) 50995
650 #0 - KONU BAŞLIĞI EK GİRİŞ - KONU TERİMİ
Konusal terim veya coğrafi ad Kagit--Orta Dogu--Tarih.
9 (RLIN) 50996
830 1# - SERİ EK GİRİŞİ - TEKBİÇİM ESER ADI
Tekbiçim Başlık Tarih ve Coğrafya Dizisi;17
9 (RLIN) 50997
942 ## - EK GİRİŞ ÖGELERİ (KOHA)
Source of classification or shelving scheme Library of Congress Classification
Koha item type Book
Holdings
Materyal Türü Kalıcı Konum Mevcut Konum Raf Yeri Sınıflandırma Kaynağı Edinim Bilgisi Ana Konular Alt Konular Yer Numarası Demirbaş Numarası Fatura Tarihi Maliyet, Alış Fiyatı Maliyet, Yenileme Fiyatı Geri Çekilme Durumu Kayıp Durumu Hasarlı Durumu Kredi için değil Kayıt Tarih Toplam Ödünçverme Son Görülme Tarihi Son Kontrol Tarihi
Book Prof. Dr. Azmi Özcan Kütüphanesi Prof. Dr. Azmi Özcan Kütüphanesi Birûni Salonu Library of Congress Classification Satın TEKNOLOJİ İmalat TS1091 .B56 2003 0025184 15/12/2010 16.89 16.89         12/11/2010 3 05/12/2024 05/12/2024